Proyecto vivienda: familia Echegaray / (Registro nro. 4967)
[ vista simple ]
| 000 -LEADER | |
|---|---|
| fixed length control field | 01109nam a22002777a 4500 |
| 003 - CONTROL NUMBER IDENTIFIER | |
| control field | PE SENCICO BE |
| 005 - DATE AND TIME OF LATEST TRANSACTION | |
| control field | 20251020182706.0 |
| 008 - FIXED-LENGTH DATA ELEMENTS--GENERAL INFORMATION | |
| fixed length control field | 240227b |||||||| |||| 00| 0 eng d |
| 040 ## - CATALOGING SOURCE | |
| Original cataloging agency | PE SENCICO BE |
| Transcribing agency | PE SENCICO BE |
| 041 ## - LANGUAGE CODE | |
| Language code of text/sound track or separate title | spa |
| 084 ## - OTHER CLASSIFICATION NUMBER | |
| Classification number | I |
| -- | DIS |
| -- | 2012 |
| Item number | O44 |
| 100 1# - MAIN ENTRY--PERSONAL NAME | |
| 9 (RLIN) | 1989 |
| Personal name | Olivera Suppo, Maralucia |
| Relator term | autor |
| 245 1# - TITLE STATEMENT | |
| Title | Proyecto vivienda: familia Echegaray / |
| Statement of responsibility, etc. | Maralucia Olivera Suppo |
| 260 ## - PUBLICATION, DISTRIBUTION, ETC. | |
| Place of publication, distribution, etc. | Lima : |
| Date of publication, distribution, etc. | 2012 |
| 300 ## - PHYSICAL DESCRIPTION | |
| Extent | [70] h. : |
| Other physical details | planos ; |
| Dimensions | 30 x 40 cm. |
| 500 ## - GENERAL NOTE | |
| General note | El texto contiene planos: 30 x 40 cm. |
| 502 ## - DISSERTATION NOTE | |
| Dissertation note | Monografía de Titulación.-- Servicio Nacional de Capacitación para la Industria de la Construcción. Escuela Superior Técnica. Carrera Profesional Técnica en Diseño de Interiores, 2012 |
| 650 10 - SUBJECT ADDED ENTRY--TOPICAL TERM | |
| 9 (RLIN) | 44 |
| Topical term or geographic name entry element | Diseño de interiores |
| 650 20 - SUBJECT ADDED ENTRY--TOPICAL TERM | |
| 9 (RLIN) | 1628 |
| Topical term or geographic name entry element | Viviendas unifamiliares |
| 650 20 - SUBJECT ADDED ENTRY--TOPICAL TERM | |
| 9 (RLIN) | 1048 |
| Topical term or geographic name entry element | Dormitorios |
| 650 20 - SUBJECT ADDED ENTRY--TOPICAL TERM | |
| 9 (RLIN) | 615 |
| Topical term or geographic name entry element | Planos |
| 650 20 - SUBJECT ADDED ENTRY--TOPICAL TERM | |
| 9 (RLIN) | 940 |
| Topical term or geographic name entry element | Proyectos de edificaciones |
| 710 1# - ADDED ENTRY--CORPORATE NAME | |
| Corporate name or jurisdiction name as entry element | Servicio Nacional de Capacitación para la Industria de la Construcción. |
| Subordinate unit | Escuela Superior Técnica |
| 9 (RLIN) | 1065 |
| 910 ## - USER-OPTION DATA (OCLC) | |
| -- | hfp |
| -- | hfp |
| 942 ## - ADDED ENTRY ELEMENTS (KOHA) | |
| Koha item type | Monografía de Titulación |
| Source of classification or shelving scheme | Dewey Decimal Classification |
| Fecha de la última vez que lo usaron | Número de ingreso o de inventario | Pago total | Signatura topográfica completa | Código de barras | Precio efectivo desde | Tipo de documento | Estado perdido | Estado dañado | No es para préstamo | Retirado | Ubicación permanente | Ubicación actual | Fecha de adquisición |
|---|---|---|---|---|---|---|---|---|---|---|---|---|---|
| 27/02/2024 | I-00495 | I/DIS/2012/O44 | BibLima24020509 | 27/02/2024 | Monografía de Titulación | Biblioteca Central Lima | Biblioteca Central Lima | 27/02/2024 | |||||
| 06/03/2024 | I-00552 | I/DIS/2012/O44/ej. 2 | BibLima24030033 | 06/03/2024 | Monografía de Titulación | Biblioteca Central Lima | Biblioteca Central Lima | 06/03/2024 |